| 000 | 00708nam a2200217Ia 4500 | ||
|---|---|---|---|
| 999 |
_c64414 _d64414 |
||
| 003 | GCL | ||
| 005 | 20240530110730.0 | ||
| 008 | 140319s9999 xx 000 0 ara d | ||
| 020 | _a9789774550522 | ||
| 040 |
_aGCL / _cGCL |
||
| 082 | 0 | 4 |
_a005.3 \ _bف ب |
| 100 | 1 | _aفالاد ، جانيت | |
| 245 | 1 | 0 |
_aبي اتش بي وماى اس كيو ال فورداميز / _cجانيت فالاد |
| 250 | _aط.1 | ||
| 260 |
_aالقاهرة : _bدار الفاروق للنشر والتوزيع ، _c2008 . |
||
| 300 |
_a559 ص. ؛ _c24 سم. |
||
| 650 | 0 | 4 | _aالحاسبات الالكترونية - برامج |
| 650 | 0 | 4 | _aبي اتش بي |
| 650 | 0 | 4 | _aماى اس كيو ال |
| 942 |
_2ddc _cBK |
||